| 000 | 00530nam a22001937a 4500 | ||
|---|---|---|---|
| 999 |
_c5862 _d5862 |
||
| 003 | GBCCL | ||
| 005 | 20241126110551.0 | ||
| 008 | 180412b ||||| |||| 00| 0 eng d | ||
| 020 | _a086065172X | ||
| 040 | _cgbc | ||
| 082 |
_a289.96 _bELK |
||
| 100 |
_aElkins, Chris _910610 |
||
| 245 |
_aHeavenly Deception / _cChris Elkins |
||
| 250 | _a1st British ed. | ||
| 260 |
_aEastbourne: _bKingsway Publications, _c1982 |
||
| 300 |
_a128 p.; _c18 cm. |
||
| 650 |
_aUnification Church _vControversial literature _910611 |
||
| 942 |
_2ddc _cBK |
||